000 00550nam a22001697a 4500
003 MACL
005 20160804151329.0
008 160804b xxu||||| |||| 00| 0 eng d
040 _cMACL
041 _aHindi
082 _a415 VER
100 _aवर्मा, संगम
_966208
245 _aमानक हिंदी व्‍याकरण
_cसंगम वर्मा
260 _aनई दिल्‍ली
_bविधर्थी प्रकाशन
_c2013
650 _aव्‍याकरण
_950137
942 _2ddc
_cHIN
999 _c55511
_d55511